000 00768nam a2200289Ia 4500
005 20260324132633.0
008 008 260324s9999 xx 000 0 eng d
020 _a9780203607206
037 _aEBOOK
040 _aCRL
040 _beng
040 _cCRL
041 _2eng
041 _aeng
084 _qCRL
100 _aEdward J. Coyne; Edward J. Coyne; Monica Lee (Series Editor); Monica Lee
_91190047
245 0 _aHuman Resources, Care Giving, Career Progression and Gender
245 2 _bA Gender Neutral Glass Ceiling
260 _bTaylor and Francis
260 _c2004
365 _a
365 _b145
856 _uhttp://www.taylorfrancis.com/books/9780203607206
942 _cEBOOK
999 _c1788321
_d1788321